=LDR 00000nam 2200000 4500 =001 INLIS000000000048631 =005 20200212072225 =035 ##$$a 0010-121600000000017 =008 200212################g##########0#ind## =020 ##$$a 978-602-02-7717-2 =040 ##$$a NBPDMAT =082 ##$$a 004 =090 ##$$a 004$bChr t =100 ##$$a Christopher Lee =245 1#$$a Tips mahis MS offece 2007, 2010 dan 2013 /$c Christopher Lee =260 ##$$a Jakarta :$b Elex Media Komputindo,$c 2015 =300 ##$$a xiii, 231 hlm. : $b ilus. ; $c 21 x 14 cm =500 ##$$a Biografi : hlm. 231 =650 #4$$a Komputer =850 ##$$a NBPDMAT =084 ##$$a 004 CHR t =990 ##$$a 21602145